|
|
|
|
| LEADER |
00000cam a2200000 7i4500 |
| 001 |
0000003782 |
| 005 |
20110621.0 |
| 020 |
0 |
0 |
|a 967891252X
|
| 090 |
0 |
0 |
|a 341.762
|b INTE 2002
|
| 100 |
0 |
0 |
|a Mohd Afandi Salleh
|
| 245 |
0 |
0 |
|a International environmental conventions and treaties
|c [disusun oleh] Mohd Afandi Salleh
|
| 260 |
0 |
0 |
|a Kuala Lumpur :
|b International Law Book Services ,
|c 2002
|
| 300 |
|
|
|a vii, 680 p. ;
|c 23 cm.
|
| 650 |
0 |
0 |
|a Commercial treaties
|
| 650 |
0 |
0 |
|a Environmental laws, International
|
| 650 |
0 |
0 |
|a Environmental policy
|
| 650 |
0 |
0 |
|a Environmental policy---International cooperation
|
| 700 |
0 |
1 |
|a Mohd Afandi Salleh
|
| 998 |
|
|
|a JPSM
|
| 999 |
|
|
|a 007633
|b Monograph
|c Open Shelf
|e Default branch
|